Statistics for U.N. Regions of the World

Click here to take the quiz!

General Stats

  • This quiz has been taken 96 times
  • The average score is 17 of 22

Answer Stats

Largest languageAnswer% Correct
PortugueseSouth America
100%
EnglishNorth America
99%
SpanishCentral America
93%
GermanWestern Europe
93%
RussianEastern Europe
92%
ChineseEast Asia
89%
ArabicNorth Africa
88%
HindiSouth Asia
88%
SwahiliEast Africa
87%
ZuluSouth Africa
87%
ItalianSouthern Europe
87%
MalaySoutheast Asia
86%
EnglishWest Africa
86%
EnglishNorthern Europe
79%
SpanishCaribbean
76%
RussianCentral Asia
76%
ArabicWest Asia
74%
EnglishPolynesia
66%
EnglishMicronesia
63%
EnglishMelanesia
57%
FrenchMiddle Africa
38%
EnglishAustralia and New Zealand
33%

Score Distribution

Percentile by Number Answered

Percent of People with Each Score

Your Score History

You have not taken this quiz